Every Manchester United Goal Scorer in the 1997/98 Premier League - Statistics

General Stats
  • This quiz has been taken 18 times
  • The average score is 54 of 68
Answer Stats
Game Scorer % Correct
Coventry City (H) Keane
94%
West Ham United (H) Keane
94%
West Ham United (H) Scholes
94%
Chelsea (H) Scholes
94%
Barnsley (H) Scholes
94%
Wimbledon (A) Scholes
94%
West Ham United (A) Scholes
94%
Wimbledon (H) Scholes
94%
Blackburn Rovers (A) Scholes
94%
Crystal Palace (A) Scholes
94%
Southampton (H) Beckham
88%
Everton (A) Beckham
88%
Wimbledon (A) Beckham
88%
Wimbledon (A) Beckham
88%
Liverpool (A) Beckham
88%
Aston Villa (A) Beckham
88%
Blackburn Rovers (A) Beckham
88%
Newcastle United (H) Beckham
88%
Leeds United (H) Beckham
88%
Barnsley (H) Giggs
88%
Barnsley (H) Giggs
88%
Aston Villa (H) Giggs
88%
Tottenham Hotspur (H) Giggs
88%
Tottenham Hotspur (H) Giggs
88%
Aston Villa (A) Giggs
88%
Derby County (H) Giggs
88%
Leeds United (H) Giggs
88%
Chelsea (A) P. Neville
88%
Everton (A) Sheringham
82%
Crystal Palace (H) Sheringham
82%
Derby County (A) Sheringham
82%
Sheffield Wednesday (H) Sheringham
82%
Sheffield Wednesday (H) Sheringham
82%
Arsenal (A) Sheringham
82%
Arsenal (A) Sheringham
82%
Coventry City (A) Sheringham
82%
Barnsley (A) Sheringham
82%
Coventry City (H) Cole
76%
Derby County (A) Cole
76%
Barnsley (H) Cole
76%
Barnsley (H) Cole
76%
Barnsley (H) Cole
76%
Sheffield Wednesday (H) Cole
76%
Sheffield Wednesday (H) Cole
76%
Wimbledon (A) Cole
76%
Liverpool (A) Cole
76%
Liverpool (A) Cole
76%
Newcastle United (A) Cole
76%
Everton (H) Cole
76%
Bolton Wanderers (H) Cole
76%
Blackburn Rovers (A) Cole
76%
Crystal Palace (A) Cole
76%
Barnsley (A) Cole
76%
Chelsea (H) Solskjaer
71%
Sheffield Wednesday (H) Solskjaer
71%
Blackburn Rovers (H) Solskjaer
71%
Blackburn Rovers (H) Solskjaer
71%
Coventry City (A) Solskjaer
71%
Tottenham Hotspur (A) Butt
65%
Wimbledon (A) Butt
65%
Crystal Palace (A) Butt
65%
Derby County (H) Irwin
59%
Leeds United (H) Irwin
59%
Wimbledon (H) Johnsen
59%
Liverpool (H) Johnsen
59%
Everton (H) Berg
35%
Coventry City (H) Poborsky
35%
Barnsley (H) Poborsky
35%
No matching quizzes found
Score Distribution
Percent of People with Each Score
Percentile by Number Answered
Your Score History
You have not taken this quiz